| 000 | 00557nam a2200169Ia 4500 | ||
|---|---|---|---|
| 008 | 190805s9999||||xx |||||||||||||| ||und|| | ||
| 020 |
_a9788125041146 _cRs. 95.00 |
||
| 082 | 0 | 4 |
_a428 _bK167 |
| 100 | 1 | _aKaushik, Sharda | |
| 245 | 1 | 0 |
_aSpringboard to Success : workbook for developing english and employbility / _cSharda Kaushik and Bindu Bajwa |
| 260 |
_aHyderabad : _bOrient Blackswan, _c2010, reprinted 20015 |
||
| 300 |
_a202 p. _b : ill. _c; 24 cm. |
||
| 650 | 0 | _aEnglish language | |
| 700 | 1 | _aBajwa, Bindu | |
| 942 | _cBK | ||
| 999 |
_c170 _d170 |
||